000 00787cab a22002415a 4500
001 L154974
008 120213s2012 xxk 000 0 eng d
035 _a(Sirsi) u154974
041 0 _aeng
100 1 _aMcGuire, Kevin
245 0 0 _aAmendments to the Construction Act
_b1 October 2011
260 _c2012
490 _aProject Control Professional
_v50(1) February 2012, 23-24(2)
520 _aSummarizes the most notable amendments to the Construction Act.
590 _aKA
650 2 4 _aHOUSING GRANTS, CONSTRUCTION AND REGENERATION ACT 1996
650 2 4 _aLOCAL DEMOCRACY, ECONOMIC DEVELOPMENT AND CONSTRUCTION ACT, 2009
651 4 _aUnited Kingdom
_y
690 _aConstruction management
_96230
690 _aContracts
_96232
690 _aProcurement-old
942 _n0
999 _c83768
_d83768